53_関東地方の市区町村(ひらがな対応・五十音順) - Statistics

General Stats
  • This quiz has been taken 33 times
  • The average score is 243 of 316
Answer Stats
種類 都道府県名 市町村名 % Correct
栃木県 足利市
100%
特別区 東京都 江戸川区
100%
神奈川県 小田原市
100%
埼玉県 川口市
100%
神奈川県 川崎市
100%
特別区 東京都 江東区
100%
埼玉県 さいたま市
100%
特別区 東京都 渋谷区
100%
特別区 東京都 新宿区
100%
特別区 東京都 世田谷区
100%
東京都 多摩市
100%
特別区 東京都 千代田区
100%
群馬県 千代田町
100%
特別区 東京都 練馬区
100%
神奈川県 箱根町
100%
東京都 八王子市
100%
特別区 東京都 文京区
100%
東京都 町田市
100%
神奈川県 横浜市
100%
神奈川県 愛川町
92%
東京都 あきる野市
92%
特別区 東京都 荒川区
92%
特別区 東京都 板橋区
92%
千葉県 市川市
92%
千葉県 市原市
92%
東京都 稲城市
92%
埼玉県 伊奈町
92%
千葉県 浦安市
92%
神奈川県 海老名市
92%
東京都 青梅市
92%
神奈川県 大磯町
92%
神奈川県 大井町
92%
東京都 大島町
92%
特別区 東京都 大田区
92%
群馬県 太田市
92%
東京都 奥多摩町
92%
埼玉県 春日部市
92%
特別区 東京都 葛飾区
92%
埼玉県 川越市
92%
特別区 東京都 北区
92%
埼玉県 熊谷市
92%
東京都 国分寺市
92%
神奈川県 相模原市
92%
特別区 東京都 品川区
92%
特別区 東京都 墨田区
92%
特別区 東京都 台東区
92%
東京都 立川市
92%
埼玉県 秩父市
92%
千葉県 千葉市
92%
特別区 東京都 中央区
92%
茨城県 つくば市
92%
埼玉県 所沢市
92%
特別区 東京都 豊島区
92%
東京都 利島村
92%
栃木県 栃木市
92%
茨城県 那珂市
92%
特別区 東京都 中野区
92%
栃木県 那須町
92%
千葉県 習志野市
92%
栃木県 日光市
92%
東京都 東村山市
92%
東京都 日野市
92%
東京都 福生市
92%
千葉県 船橋市
92%
群馬県 前橋市
92%
神奈川県 三浦市
92%
群馬県 みなかみ町
92%
特別区 東京都 目黒区
92%
神奈川県 横須賀市
92%
埼玉県 和光市
92%
埼玉県 蕨市
92%
千葉県 旭市
83%
特別区 東京都 足立区
83%
神奈川県 厚木市
83%
千葉県 我孫子市
83%
茨城県 牛久市
83%
栃木県 宇都宮市
83%
埼玉県 桶川市
83%
栃木県 小山市
83%
茨城県 かすみがうら市
83%
千葉県 香取市
83%
栃木県 鹿沼市
83%
神奈川県 鎌倉市
83%
千葉県 君津市
83%
神奈川県 清川村
83%
東京都 国立市
83%
埼玉県 鴻巣市
83%
茨城県 古河市
83%
東京都 小金井市
83%
埼玉県 越谷市
83%
東京都 小平市
83%
栃木県 さくら市
83%
千葉県 佐倉市
83%
栃木県 佐野市
83%
神奈川県 座間市
83%
茨城県 下妻市
83%
群馬県 下仁田町
83%
神奈川県 逗子市
83%
群馬県 高崎市
83%
群馬県 館林市
83%
千葉県 館山市
83%
神奈川県 茅ヶ崎市
83%
千葉県 銚子市
83%
群馬県 嬬恋村
83%
埼玉県 戸田市
83%
茨城県 取手市
83%
群馬県 中之条町
83%
栃木県 那須塩原市
83%
千葉県 成田市
83%
神奈川県 二宮町
83%
群馬県 沼田市
83%
埼玉県 蓮田市
83%
東京都 東久留米市
83%
茨城県 日立市
83%
神奈川県 平塚市
83%
埼玉県 深谷市
83%
茨城県 鉾田市
83%
千葉県 松戸市
83%
東京都 御蔵島村
83%
東京都 三鷹市
83%
茨城県 水戸市
83%
特別区 東京都 港区
83%
神奈川県 南足柄市
83%
東京都 武蔵野市
83%
東京都 武蔵村山市
83%
栃木県 真岡市
83%
栃木県 矢板市
83%
神奈川県 大和市
83%
神奈川県 湯河原町
83%
茨城県 龍ケ崎市
83%
東京都 青ヶ島村
75%
埼玉県 上尾市
75%
埼玉県 朝霞市
75%
茨城県 阿見町
75%
神奈川県 綾瀬市
75%
群馬県 安中市
75%
茨城県 石岡市
75%
神奈川県 伊勢原市
75%
茨城県 潮来市
75%
千葉県 一宮町
75%
茨城県 稲敷市
75%
茨城県 茨城町
75%
埼玉県 入間市
75%
群馬県 上野村
75%
茨城県 大洗町
75%
千葉県 大多喜町
75%
栃木県 大田原市
75%
東京都 小笠原村
75%
埼玉県 小鹿野町
75%
埼玉県 小川町
75%
茨城県 小美玉市
75%
茨城県 笠間市
75%
茨城県 鹿嶋市
75%
千葉県 柏市
75%
埼玉県 加須市
75%
千葉県 勝浦市
75%
栃木県 上三川町
75%
千葉県 木更津市
75%
茨城県 北茨城市
75%
埼玉県 北本市
75%
東京都 清瀬市
75%
千葉県 鋸南町
75%
群馬県 桐生市
75%
埼玉県 久喜市
75%
群馬県 草津町
75%
千葉県 九十九里町
75%
東京都 狛江市
75%
茨城県 境町
75%
埼玉県 坂戸市
75%
茨城県 桜川市
75%
埼玉県 幸手市
75%
埼玉県 狭山市
75%
千葉県 山武市
75%
埼玉県 志木市
75%
群馬県 渋川市
75%
栃木県 下野市
75%
茨城県 常総市
75%
埼玉県 白岡市
75%
千葉県 白井市
75%
特別区 東京都 杉並区
75%
埼玉県 草加市
75%
千葉県 袖ケ浦市
75%
茨城県 高萩市
75%
茨城県 筑西市
75%
千葉県 長生村
75%
東京都 調布市
75%
茨城県 つくばみらい市
75%
茨城県 土浦市
75%
群馬県 富岡市
75%
千葉県 富里市
75%
群馬県 長野原町
75%
栃木県 那須烏山市
75%
茨城県 行方市
75%
東京都 新島村
75%
東京都 西東京市
75%
千葉県 野田市
75%
神奈川県 秦野市
75%
埼玉県 羽生市
75%
神奈川県 葉山町
75%
埼玉県 飯能市
75%
埼玉県 東秩父村
75%
東京都 東大和市
75%
埼玉県 日高市
75%
茨城県 常陸太田市
75%
茨城県 常陸大宮市
75%
茨城県 ひたちなか市
75%
東京都 日の出町
75%
東京都 檜原村
75%
群馬県 藤岡市
75%
神奈川県 藤沢市
75%
千葉県 富津市
75%
埼玉県 本庄市
75%
神奈川県 松田町
75%
神奈川県 真鶴町
75%
埼玉県 三郷市
75%
埼玉県 美里町
75%
東京都 瑞穂町
75%
群馬県 みどり市
75%
千葉県 南房総市
75%
千葉県 茂原市
75%
千葉県 八千代市
75%
茨城県 八千代町
75%
神奈川県 山北町
75%
茨城県 結城市
75%
埼玉県 吉川市
75%
千葉県 四街道市
75%
東京都 昭島市
67%
千葉県 いすみ市
67%
群馬県 伊勢崎市
67%
栃木県 市貝町
67%
千葉県 印西市
67%
千葉県 大網白里市
67%
群馬県 大泉町
67%
埼玉県 越生町
67%
千葉県 御宿町
67%
神奈川県 開成町
67%
群馬県 片品村
67%
千葉県 鎌ケ谷市
67%
茨城県 神栖市
67%
千葉県 鴨川市
67%
群馬県 神流町
67%
群馬県 甘楽町
67%
埼玉県 行田市
67%
東京都 神津島村
67%
茨城県 五霞町
67%
千葉県 栄町
67%
千葉県 酒々井町
67%
群馬県 榛東村
67%
千葉県 匝瑳市
67%
茨城県 大子町
67%
埼玉県 鶴ヶ島市
67%
茨城県 東海村
67%
千葉県 東金市
67%
埼玉県 ときがわ町
67%
茨城県 利根町
67%
栃木県 那珂川町
67%
千葉県 流山市
67%
埼玉県 滑川町
67%
埼玉県 新座市
67%
栃木県 野木町
67%
栃木県 芳賀町
67%
東京都 八丈町
67%
埼玉県 鳩山町
67%
東京都 羽村市
67%
群馬県 東吾妻町
67%
埼玉県 東松山市
67%
埼玉県 富士見市
67%
埼玉県 ふじみ野市
67%
東京都 府中市
67%
埼玉県 皆野町
67%
栃木県 壬生町
67%
茨城県 美浦村
67%
埼玉県 毛呂山町
67%
埼玉県 八潮市
67%
千葉県 八街市
67%
埼玉県 吉見町
67%
埼玉県 嵐山町
67%
群馬県 板倉町
58%
群馬県 邑楽町
58%
埼玉県 神川町
58%
埼玉県 上里町
58%
埼玉県 川島町
58%
群馬県 川場村
58%
神奈川県 寒川町
58%
栃木県 塩谷町
58%
群馬県 昭和村
58%
栃木県 高根沢町
58%
千葉県 多古町
58%
千葉県 長南町
58%
千葉県 東庄町
58%
埼玉県 長瀞町
58%
茨城県 坂東市
58%
埼玉県 松伏町
58%
東京都 三宅村
58%
埼玉県 宮代町
58%
埼玉県 三芳町
58%
群馬県 明和町
58%
栃木県 茂木町
58%
茨城県 守谷市
58%
埼玉県 横瀬町
58%
埼玉県 寄居町
58%
茨城県 河内町
50%
千葉県 芝山町
50%
千葉県 白子町
50%
茨城県 城里町
50%
埼玉県 杉戸町
50%
群馬県 高山村
50%
群馬県 玉村町
50%
神奈川県 中井町
50%
千葉県 長柄町
50%
群馬県 南牧村
50%
栃木県 益子町
50%
千葉県 睦沢町
50%
千葉県 横芝光町
50%
千葉県 神崎町
42%
群馬県 吉岡町
42%
No matching quizzes found
Score Distribution
Percent of People with Each Score
Percentile by Number Answered
Your Score History
You have not taken this quiz